书目信息 |
| 题名: |
变质量力学基础
|
|
| 作者: | 程勉 编 | |
| 分册: | ||
| 出版信息: | 北京 人民教育出版社 1982 |
|
| 页数: | 36页 | |
| 开本: | 21cm | |
| 丛书名: | 理论力学教学参考丛书 | |
| 单 册: | ||
| 中图分类: | O313 | |
| 科图分类: | ||
| 主题词: | 变质量动力学 , 理论力学 , 一般力学 | |
| 电子资源: | ||
| ISBN: | ||
| 000 | 00747nam2 2200289 45 | |
| 001 | 0182001276 | |
| 005 | 20040630094908.3 | |
| 010 | @dCNY0.36 | |
| 091 | @a15012.0407 | |
| 100 | @a19950209d1982 em y0chiy0121 ea | |
| 101 | 0 | @achi |
| 102 | @aCN@b110000 | |
| 105 | @ay z 000yy | |
| 106 | @ar | |
| 200 | 10 | @a变质量力学基础@Abian zhi liang li xue ji chu@f程勉编 |
| 210 | @a北京@c人民教育出版社@d1982 | |
| 215 | @a36页@d21cm | |
| 225 | 2 | @a理论力学教学参考丛书 |
| 410 | 0 | @120010@a理论力学教学参考丛书 |
| 606 | @a变质量动力学 | |
| 606 | 0 | @a理论力学 |
| 606 | 0 | @a一般力学 |
| 690 | @aO313@v3 | |
| 701 | 0 | @a程勉@Acheng mian@4编 |
| 801 | 0 | @aCN@b上海图书馆@c20040518 |
| 801 | 2 | @aCN@bNLC@c20040518 |
| 905 | @dO313@e2@b102489@f1 | |
| 变质量力学基础/程勉编.-北京:人民教育出版社,1982 |
| 36页;21cm.-(理论力学教学参考丛书) |
| ISBN :CNY0.36 |
| ● |
| 相关链接 |
|
|
|
|
正题名:变质量力学基础
索取号:O313/2
 
预约/预借
| 序号 | 登录号 | 条形码 | 馆藏地/架位号 | 状态 | 备注 |
| 1 | 0102488 | 000384319 | 第三借阅区/ [索取号:O313/2] | 在馆 | |
| 2 | 0102489 | 001933590 | 密集书库/ [索取号:O313/2] | 在馆 | |
| 3 | 0102490 | 000384346 | 密集书库/ [索取号:O313/2] | 在馆 | |
| 4 | 0102491 | 000384328 | 第三借阅区/ [索取号:O313/2] | 在馆 | |
| 5 | 0102492 | 000384337 | 第二样本阅览室/ [索取号:O313/2] | 在馆 |